Wirtschaft Kommunikativ

Gespeichert in:
Bibliographische Detailangaben
1. Verfasser: Hrušková, Gabriela
Körperschaft: Ekonomická univerzita v Bratislave. Ústav jazykov
Weitere Verfasser: Mekotová, Erika
Format: Buch
Sprache:Deutsch
Veröffentlicht: Bratislava Vydavateľstvo EKONÓM 2000
Schlagworte:
Tags: Tag hinzufügen
Keine Tags, Fügen Sie das erste Tag hinzu!

MARC

LEADER 00000nam a2200000 4500
001 c122763
005 20221123133730.3
020 |a 80-225-1311-3 
041 0 |a ger 
044 |a SK 
245 1 0 |a Wirtschaft Kommunikativ  |c Gabriela Hrušková, Erika Mekotová 
264 1 |a Bratislava  |b Vydavateľstvo EKONÓM  |c 2000 
300 |a 176 s. 
610 2 0 |a jazykoveda 
610 2 0 |a terminológia 
610 2 0 |a ekonómia 
610 2 0 |a hospodárstvo národné 
610 2 0 |a komunikácia 
100 1 |a Hrušková, Gabriela 
700 1 |a Mekotová, Erika 
710 2 |a Ekonomická univerzita v Bratislave. Ústav jazykov